000 00623nam a2200193Ia 4500
005 20250923145606.0
008 008 250917s9999 xx 000 0 eng d
037 _aTextual
040 _aDSWL
_beng
_cDSWL
041 _aeng
_2eng
084 _aT67p2,N8, N81
_qDSWL
100 _aVictor, Prem
_9836940
245 0 _aAll India workshop for teachers and parents of hearing impaired children : selected papers
_cEd. by Prem Victor
260 _aNew delhi
_b Max Mueller Bhawan
300 _axiii,251 p.
700 _a A. Loewe
_9836941
942 _cTEXL
_hT67p2,N8, N81
999 _c1453241
_d1453241